Crocodile encounters : (Record no. 4237)
[ view plain ]
| 000 -LEADER | |
|---|---|
| fixed length control field | 01804cam a22003857a 4500 |
| 001 - CONTROL NUMBER | |
| control field | 4237 |
| 003 - CONTROL NUMBER IDENTIFIER | |
| control field | FISKH |
| 005 - DATE AND TIME OF LATEST TRANSACTION | |
| control field | 20240705162242.0 |
| 008 - FIXED-LENGTH DATA ELEMENTS--GENERAL INFORMATION | |
| fixed length control field | 121220s2012 dcua j 001 0 eng d |
| 010 ## - LIBRARY OF CONGRESS CONTROL NUMBER | |
| LC control number | 2012275027 |
| 020 ## - INTERNATIONAL STANDARD BOOK NUMBER | |
| International Standard Book Number | 1426310293 (reinforced lib. ed.) |
| 020 ## - INTERNATIONAL STANDARD BOOK NUMBER | |
| International Standard Book Number | 9781426310294 (reinforced lib. ed.) |
| 020 ## - INTERNATIONAL STANDARD BOOK NUMBER | |
| International Standard Book Number | 9781426310287 (pbk.) |
| 020 ## - INTERNATIONAL STANDARD BOOK NUMBER | |
| International Standard Book Number | 9780545536332 |
| 040 ## - CATALOGING SOURCE | |
| Original cataloging agency | YDXCP |
| Transcribing agency | YDXCP |
| Modifying agency | GP4 |
| -- | OQX |
| -- | GL7 |
| -- | JRN |
| -- | DLC |
| Language of cataloging | eng |
| 050 ## - LIBRARY OF CONGRESS CALL NUMBER | |
| Classification number | QL666.C925 |
| 082 ## - DEWEY DECIMAL CLASSIFICATION NUMBER | |
| Classification number | 597.98 |
| 100 1# - MAIN ENTRY--PERSONAL NAME | |
| Personal name | Barr, Brady, |
| Dates associated with a name | 1963- |
| 245 10 - TITLE STATEMENT | |
| Title | Crocodile encounters : |
| Remainder of title | and more true stories of adventures with animals / |
| Statement of responsibility, etc. | by Brady Barr with Kathleen Weidner Zoehfeld. |
| 246 30 - VARYING FORM OF TITLE | |
| Title proper/short title | Adventures with animals |
| 250 ## - EDITION STATEMENT | |
| Edition statement | First Scholastic printing, March 2013 |
| 260 ## - PUBLICATION, DISTRIBUTION, ETC. | |
| Place of publication, distribution, etc. | New York : |
| Name of publisher, distributor, etc. | Scholastic, |
| Date of publication, distribution, etc. | 2012 |
| 300 ## - PHYSICAL DESCRIPTION | |
| Extent | 112 pages : |
| Other physical details | color illustrations ; |
| Dimensions | 20 cm |
| 490 1# - SERIES STATEMENT | |
| Series statement | National Geographic kids chapters |
| 504 ## - BIBLIOGRAPHY, ETC. NOTE | |
| Bibliography, etc. note | Includes bibliographical references (p. 111) and index. |
| 505 ## - FORMATTED CONTENTS NOTE | |
| Formatted contents note | P<br/> |
| 520 ## - SUMMARY, ETC. | |
| Summary, etc. | Follow along with National Geographic explorer Brady Barr as he crawls into a muddy hole just barely big enough for his shoulders, and comes face to face with thirteen crocodiles! Laugh out loud as you learn how to catch a crocodile using shoe laces and underpants. Read in anticipation to find out what happens when you put a 600-lb crocodile on an airplane in just a flimsy wooden crate. These action-packed stories and more will engage readers and inspire them to go out and explore their own world. |
| 521 8# - TARGET AUDIENCE NOTE | |
| Target audience note | 650<br/><br/> |
| Source | Lexile Adjusted <br/> |
| 521 8# - TARGET AUDIENCE NOTE | |
| Target audience note | P<br/><br/> |
| Source | Raz-Plus<br/> |
| 650 #0 - SUBJECT ADDED ENTRY--TOPICAL TERM | |
| Topical term or geographic name entry element | Crocodiles |
| Form subdivision | Juvenile literature. |
| 700 1# - ADDED ENTRY--PERSONAL NAME | |
| Personal name | Zoehfeld, Kathleen Weidner. |
| Relator term | Author |
| 906 ## - LOCAL DATA ELEMENT F, LDF (RLIN) | |
| a | 7 |
| b | cbc |
| c | copycat |
| d | 2 |
| e | ncip |
| f | 20 |
| g | y-gencatlg |
| 942 ## - ADDED ENTRY ELEMENTS (KOHA) | |
| Source of classification or shelving scheme | Dewey Decimal Classification |
| Koha item type | Books |
| Suppress in OPAC | No |
| Withdrawn status | Lost status | Source of classification or shelving scheme | Damaged status | Not for loan | Collection | Home library | Current library | Shelving location | Date acquired | Total Checkouts | Full call number | Barcode | Date due | Date last seen | Date last checked out | Price effective from | Koha item type |
|---|---|---|---|---|---|---|---|---|---|---|---|---|---|---|---|---|---|
| Dewey Decimal Classification | Non-Fiction | Footprints International School Library Network Toul Kork Campus | Footprints International School Library Network Toul Kork Campus | TK Primary Library Room(4th Floor), Bookcase 5&6, Shelves 33-56, Orange Books | 07/05/2024 | 1 | BAR 597.98 QL666.C925 | FISTK00186 | 12/23/2025 | 12/09/2025 | 12/09/2025 | 07/05/2024 | Books |
